[Event "Lichtenrader Herbst"]
[Site "Berlin"]
[Date "2010.10.20"]
[Round "5.20"]
[White "Kiesewetter, Peter"]
[Black "Hohn, August"]
[Result "1/2-1/2"]
[WhiteElo "1906"]
[BlackElo "2053"]
[PlyCount "135"]
[EventDate "2010.??.??"]
[WhiteTeam "SC Schwarz-Weiß Lichtenrade e.V."]
[BlackTeam "SC Zugzwang 95 e.V."]

1. Nf3 d5 2. d4 c6 3. c3 Qc7 4. Bg5 Nd7 5. e3 e5 6. dxe5 Nxe5 7. Nxe5 Qxe5 8.
Bf4 Qe6 9. Bd3 Bd6 10. O-O Nf6 11. Bg3 O-O 12. Nd2 Bxg3 13. hxg3 Qg4 14. Re1
Qxd1 15. Raxd1 Bg4 16. f3 Be6 17. b3 Rad8 18. e4 dxe4 19. Nxe4 Nxe4 20. Bxe4
Rfe8 21. Kf2 g6 22. Bc2 Kg7 23. Rxd8 Rxd8 24. Rd1 Re8 25. Rd2 a5 26. a3 Kf6 27.
Rd1 h5 28. Re1 Rc8 29. Ke3 c5 30. Ra1 Rc6 31. Ke2 Rb6 32. Rb1 Rb5 33. Ke3 Rb6
34. Ke2 Ke5 35. Ke3 g5 36. b4 cxb4 37. cxb4 Rc6 38. Be4 Rc3+ 39. Kd2 Rxa3 40.
bxa5 Rxa5 41. Bxb7 Ra2+ 42. Ke3 Bc4 43. f4+ Kf6 44. Rh1 Ra3+ 45. Kf2 gxf4 46.
gxf4 Ra5 47. Bf3 Kg6 48. f5+ Rxf5 49. Ke3 Bd5 50. Bxd5 Rxd5 51. Kf3 Kg5 52. Ra1
h4 53. Ra7 Rf5+ 54. Ke2 Kg4 55. Ra3 Rf4 56. Rb3 Rf6 57. Ra3 Rf4 58. Rb3 f5 59.
Ra3 Re4+ 60. Kf2 f4 61. Ra8 Re5 62. Rg8+ Kf5 63. Rh8 Kg4 64. Rg8+ Rg5 65. Ra8
Rg6 66. Rb8 Rh6 67. Rg8+ Kh5 68. Kf3 1/2-1/2

[Event "Lichtenrader Herbst"]
[Site "Berlin"]
[Date "2010.10.21"]
[Round "6.1"]
[White "Neelotpal, Das"]
[Black "Graf, Alexander"]
[Result "1/2-1/2"]
[WhiteElo "2454"]
[BlackElo "2606"]
[PlyCount "30"]
[EventDate "2010.??.??"]
[BlackTeam "SK König Plauen"]

1. d4 d5 2. Nf3 Nf6 3. c4 c6 4. cxd5 cxd5 5. Nc3 Nc6 6. Bf4 e6 7. e3 Be7 8. h3
O-O 9. Bd3 Bd7 10. Rc1 Qb6 11. Qe2 Rfc8 12. O-O Be8 13. Ne5 Nb4 14. Bb1 Nd7 15.
Qg4 Nf6 1/2-1/2

[Event "Lichtenrader Herbst"]
[Site "Berlin"]
[Date "2010.10.21"]
[Round "6.2"]
[White "Rabiega, Robert"]
[Black "Radovanovic, Jovica"]
[Result "1-0"]
[WhiteElo "2515"]
[BlackElo "2305"]
[PlyCount "81"]
[EventDate "2010.??.??"]
[WhiteTeam "SK König Tegel 1949 e.V."]
[BlackTeam "SK Aleksandar Matanovic"]

1. e4 c5 2. c3 e6 3. d4 d5 4. exd5 exd5 5. Be3 cxd4 6. Bxd4 Nc6 7. Bb5 a6 8.
Ba4 b5 9. Bb3 Nxd4 10. Qxd4 Nf6 11. a4 Qc7 12. Ne2 Bc5 13. Qh4 Qe7 14. Nd2 O-O
15. Bd1 bxa4 16. O-O Rb8 17. Ra2 Bd7 18. Ng3 Kh8 19. Bxa4 g5 20. Qxg5 Rg8 21.
Qf4 Bd6 22. Qf3 Bxa4 23. Rxa4 Rxb2 24. Nf5 Bxh2+ 25. Kxh2 Qe5+ 26. Kg1 Rxd2 27.
Nh6 Rf8 28. Rxa6 Kg7 29. Nf5+ Kh8 30. Rfa1 Rb2 31. Nh6 Kg7 32. Qh3 Qg5 33. Nf5+
Kh8 34. R1a4 Rb1+ 35. Kh2 Rg8 36. Nh6 Rf8 37. Ra8 Qe5+ 38. f4 Qe7 39. Qg3 Rbb8
40. Nf5 Ng4+ 41. Qxg4 1-0

[Event "Lichtenrader Herbst"]
[Site "Berlin"]
[Date "2010.10.21"]
[Round "6.3"]
[White "Kachibadze, Georg"]
[Black "Stern, Rene"]
[Result "1/2-1/2"]
[WhiteElo "2272"]
[BlackElo "2506"]
[PlyCount "138"]
[EventDate "2010.??.??"]
[WhiteTeam "SK König Tegel 1949 e.V."]
[BlackTeam "SK König Tegel 1949 e.V."]

1. e4 e5 2. Nf3 Nc6 3. Bb5 a6 4. Bxc6 dxc6 5. Nc3 f6 6. d4 exd4 7. Nxd4 c5 8.
Nde2 Qxd1+ 9. Nxd1 Be6 10. Bf4 O-O-O 11. Ne3 Ne7 12. Rd1 Rxd1+ 13. Kxd1 f5 14.
e5 Nc6 15. b3 Be7 16. h4 c4 17. Nxc4 Bxc4 18. bxc4 Rd8+ 19. Kc1 Re8 20. Ng3 g6
21. c3 Nxe5 22. Bxe5 Ba3+ 23. Kd2 Rxe5 24. h5 Bd6 25. hxg6 hxg6 26. Ne2 Ra5 27.
Ra1 Ra4 28. Kd3 Be5 29. g4 Kd7 30. gxf5 gxf5 31. f4 Bd6 32. Rb1 b6 33. Rb2 Ke6
34. Nd4+ Kf6 35. Re2 Ra5 36. Nb3 Ra3 37. Nd4 Bxf4 38. Rf2 Ke5 39. Re2+ Kf6 40.
Rf2 Bg3 41. Rxf5+ Kg6 42. Rf1 Be5 43. Rf2 Bxd4 44. Kxd4 Ra5 45. Ke4 Rc5 46. Kd4
Rc6 47. Kd5 Rd6+ 48. Ke4 Rc6 49. Kd5 Rc5+ 50. Kd4 Kg7 51. Rf3 Rc6 52. Kd5 Rd6+
53. Ke5 Rd2 54. Ke6 Kg8 55. a3 Rd6+ 56. Ke7 Rc6 57. Rg3+ Kh7 58. Rg4 Rc5 59.
Kd7 b5 60. Kc8 bxc4 61. a4 Kh6 62. Kb7 Kh5 63. Rd4 Kg6 64. Kxa6 Kf5 65. a5 Ke6
66. Kb7 Rxa5 67. Kxc7 Ra3 68. Rxc4 Kd5 69. Rh4 Rxc3+ 1/2-1/2

[Event "Lichtenrader Herbst"]
[Site "Berlin"]
[Date "2010.10.21"]
[Round "6.4"]
[White "Richter, Michael"]
[Black "Reichenbach, Werner"]
[Result "1-0"]
[WhiteElo "2459"]
[BlackElo "2261"]
[PlyCount "107"]
[EventDate "2010.??.??"]
[WhiteTeam "Schachpinguine Berlin e.V."]
[BlackTeam "SK Zehlendorf e.V."]

1. d4 Nf6 2. c4 c5 3. d5 g6 4. Nc3 d6 5. Nf3 Bg7 6. Bf4 O-O 7. h3 Qa5 8. Qd2 a6
9. e4 e5 10. dxe6 Bxe6 11. Bd3 Nc6 12. O-O Nd4 13. Nxd4 cxd4 14. Nd5 Qxd2 15.
Bxd2 Bxd5 16. exd5 Nd7 17. Rad1 b6 18. Rfe1 Rfe8 19. Bf1 Kf8 20. f3 a5 21. b3
Nc5 22. Bf4 Rad8 23. Rxe8+ Kxe8 24. g4 Kd7 25. Kf2 Re8 26. h4 Be5 27. Bc1 d3
28. Bxd3 Bd4+ 29. Kf1 Be3 30. Bb2 Bf4 31. Be2 Bg3 32. h5 gxh5 33. gxh5 Bf4 34.
Bd3 Nxd3 35. Rxd3 Be3 36. Bd4 Bxd4 37. Rxd4 Re5 38. Rh4 h6 39. Kf2 Rg5 40. Rh2
Re5 41. f4 Re4 42. Kf3 Rd4 43. Ke3 Rd1 44. Ke4 Ke7 45. Kf5 Rf1 46. Re2+ Kf8 47.
Rb2 Kg7 48. a4 Rh1 49. Rg2+ Kf8 50. Kf6 Rxh5 51. f5 Rh3 52. Rg7 Rxb3 53. Rxf7+
Ke8 54. Rb7 1-0

[Event "Lichtenrader Herbst"]
[Site "Berlin"]
[Date "2010.10.21"]
[Round "6.5"]
[White "Jaeschke, Jens-Uwe"]
[Black "Meister, Jakob"]
[Result "1/2-1/2"]
[WhiteElo "2158"]
[BlackElo "2479"]
[PlyCount "144"]
[EventDate "2010.??.??"]
[WhiteTeam "Sfr.Nord-Ost Berlin"]
[BlackTeam "SK Zehlendorf e.V."]

1. d4 d6 2. Nf3 Bg4 3. Qd3 c6 4. h3 Bxf3 5. Qxf3 e5 6. dxe5 dxe5 7. e4 Nd7 8.
Bc4 Qf6 9. Qe2 Bc5 10. Nc3 Ne7 11. O-O Ng6 12. g3 Ngf8 13. Kg2 Ne6 14. Bxe6
Qxe6 15. Be3 Bb4 16. Nd1 O-O 17. a3 Ba5 18. b4 Bb6 19. Bxb6 axb6 20. Ne3 Nf6
21. f3 Rfd8 22. Rfd1 Rxd1 23. Qxd1 g6 24. Qd3 Nh5 25. Ng4 b5 26. Rd1 Qe7 27.
Qc3 f6 28. Rd3 Rd8 29. Qb3+ Kf8 30. Nh6 Kg7 31. Ng4 Rxd3 32. Qxd3 Kf8 33. h4
Ng7 34. Qe3 Ne6 35. h5 Ng5 36. Qa7 Ne6 37. Qb8+ Nd8 38. Qc8 Ke8 39. h6 Qd6 40.
Kh3 Ke7 41. Kg2 Qd2+ 42. Nf2 Qd7 43. Qb8 Qd6 44. Qc8 Qd7 45. Qb8 Kf7 46. Nd3
Ke8 47. Nf2 Qd2 48. Qc7 Qd7 49. Qb8 Qe7 50. Nd3 Kf7 51. Nc5 f5 52. Nd3 Kf6 53.
Nxe5 g5 54. exf5 Kxf5 55. Nd3 Kg6 56. Ne5+ Kxh6 57. Qxd8 Qxe5 58. Qf8+ Kg6 59.
Qg8+ Qg7 60. Qe6+ Qf6 61. Qg8+ Kh6 62. Qe8 Qf5 63. Qe2 Kg6 64. Qe8+ Kf6 65.
Qd8+ Ke5 66. Qd2 Ke6 67. g4 Qd5 68. Qc3 Kf7 69. Qe3 h6 70. Qc3 Qe6 71. Qd3 Kg7
72. Qc3+ Kg6 {Rest nicht nachvollziehbar.} 1/2-1/2

[Event "Lichtenrader Herbst"]
[Site "Berlin"]
[Date "2010.10.21"]
[Round "6.6"]
[White "Maahs, Erich"]
[Black "Dauth, Benjamin"]
[Result "0-1"]
[WhiteElo "2124"]
[BlackElo "2322"]
[PlyCount "206"]
[EventDate "2010.??.??"]
[WhiteTeam "SC Concordia SAbt Palame"]
[BlackTeam "SC Rotation Pankow e.V."]

1. e4 e5 2. Nc3 d6 3. Bc4 Nc6 4. a3 g6 5. d3 Bg7 6. Nf3 Be6 7. Bxe6 fxe6 8. Bg5
Nf6 9. h3 h6 10. Be3 Qd7 11. Qd2 d5 12. exd5 exd5 13. d4 exd4 14. Nxd4 Ne5 15.
Bf4 Nc4 16. Qe2+ Kf7 17. O-O-O Rae8 18. Qd3 c6 19. Rhe1 Rxe1 20. Rxe1 Re8 21.
Rxe8 Qxe8 22. Nf3 Qe6 23. Nd1 Ne4 24. c3 Qe7 25. a4 Nc5 26. Qc2 Qe4 27. Qxe4
dxe4 28. Ne1 Nxa4 29. Bb8 h5 30. Bxa7 b6 31. Nc2 Nc5 32. Nb4 Nd7 33. Nxc6 Nce5
34. Nxe5+ Bxe5 35. Kc2 Ke6 36. Ne3 Bc7 37. b4 Kd6 38. c4 Kc6 39. c5 b5 40. Kc3
Be5+ 41. Kb3 Nf8 42. g3 Ne6 43. Kc2 Nd4+ 44. Kd1 Nf5 45. Kd2 Bd4 46. Nd1 Ne7
47. Bb6 Kd5 48. Ne3+ Ke6 49. Ke2 Bc3 50. Ba5 Nc6 51. Nf1 Bd4 52. f4 exf3+ 53.
Kxf3 Ke5 54. Ne3 Nxa5 55. bxa5 Bxc5 56. a6 b4 57. Nc4+ Kd5 58. Na5 Ba7 59. g4
Kc5 60. gxh5 gxh5 61. Ke4 Kb5 62. Nb3 Kxa6 63. Kd3 Kb5 64. Nd2 Bb8 65. Nb3 Be5
66. Nd2 Kc5 67. Nb3+ Kd5 68. Na5 Bc3 69. Ke3 Bd4+ 70. Kd3 Be5 71. Nb3 Bc3 72.
Na5 Ke5 73. Ke3 Bd4+ 74. Kd3 Bc5 75. Nb3 Bf2 76. Ke2 Bh4 77. Nc5 Kd4 78. Na4
Be7 79. Kd2 b3 80. Kc1 Bf6 81. Kb2 Kc4+ 82. Ka3 Bd4 83. Nb2+ Kc3 84. Na4+ Kc2
85. Kb4 Be5 86. Kc4 Bg7 87. Kd5 Bf8 88. Ke4 Kd2 89. Nb2 Bg7 90. Nc4+ Kc3 91.
Nb6 Bf6 92. Nd5+ Kc2 93. Nb4+ Kd2 94. Nd3 Bg7 95. Nc5 b2 96. Nb3+ Kc2 97. Nc5
b1=Q 98. Kf4 Qb4+ 99. Ne4 Kd3 100. Kg5 Qxe4 101. Kxh5 Qf5+ 102. Kh4 Bf6+ 103.
Kg3 Qg5+ {(...)} 0-1

[Event "Lichtenrader Herbst"]
[Site "Berlin"]
[Date "2010.10.21"]
[Round "6.7"]
[White "Meissner, Hans-Juergen"]
[Black "Hein, Carsten"]
[Result "1-0"]
[WhiteElo "2233"]
[BlackElo "2165"]
[PlyCount "59"]
[EventDate "2010.??.??"]
[WhiteTeam "SV Empor Berlin e.V."]
[BlackTeam "SC Empor Potsdam 1952 e.V."]

1. d4 Nf6 2. c4 c6 3. Nf3 d5 4. e3 g6 5. Nc3 Bg7 6. Be2 O-O 7. O-O dxc4 8. Bxc4
Bg4 9. h3 Bxf3 10. Qxf3 Nbd7 11. Rd1 Qc8 12. Bb3 e5 13. Bd2 Qe8 14. Rac1 a5 15.
Be1 Nb6 16. a3 Qe7 17. dxe5 Qxe5 18. Rd4 g5 19. Rcd1 Kh8 20. Ba2 Qc7 21. Qf5 h6
22. Rd6 Rad8 23. Rxf6 Rxd1 24. Nxd1 Nd5 25. Bxd5 cxd5 26. Bc3 d4 27. Bxd4 Kg8
28. Nc3 Qd8 29. Ne4 Qc7 30. Rd6 1-0

[Event "Lichtenrader Herbst"]
[Site "Berlin"]
[Date "2010.10.21"]
[Round "6.8"]
[White "Lerch, Philipp"]
[Black "Boettcher, Patrick"]
[Result "1-0"]
[WhiteElo "1965"]
[BlackElo "2177"]
[PlyCount "87"]
[EventDate "2010.??.??"]
[WhiteTeam "SK König Tegel 1949 e.V."]
[BlackTeam "SC Zitadelle Spandau 1977 e.V."]

1. e4 c5 2. Nf3 d6 3. c3 Nf6 4. Bd3 Nc6 5. O-O Bg4 6. Bc2 g6 7. d3 Bg7 8. h3
Bxf3 9. Qxf3 O-O 10. Be3 Nd7 11. Qe2 b5 12. Qd2 Qa5 13. Bh6 e5 14. Bxg7 Kxg7
15. f4 Qd8 16. f5 Qh4 17. Qe2 Nf6 18. Nd2 Nh5 19. Nf3 Qe7 20. Kh2 b4 21. g3
bxc3 22. bxc3 Rab8 23. Bb3 Na5 24. Bd5 Nf6 25. c4 Qd7 26. Rf2 Nc6 27. Bxc6 Qxc6
28. Raf1 Nh5 29. Qe3 f6 30. Qe2 Qc7 31. Nh4 Qf7 32. fxg6 hxg6 33. Ng2 Kh7 34.
Ne3 Qe6 35. Nd5 Kg7 36. Qg4 Qc8 37. Ne7 Qe8 38. Nf5+ Kh7 39. Nxd6 Qe7 40. Nf5
Qd7 41. Ne3 Qxd3 42. Nd5 Rb2 43. Rxb2 Qxf1 44. Ne7 1-0

[Event "Lichtenrader Herbst"]
[Site "Berlin"]
[Date "2010.10.21"]
[Round "6.9"]
[White "Dimitrijeski, Kristian"]
[Black "Shapiro, Yosip"]
[Result "0-1"]
[WhiteElo "2192"]
[BlackElo "2100"]
[PlyCount "52"]
[EventDate "2010.??.??"]
[WhiteTeam "SK König Tegel 1949 e.V."]
[BlackTeam "SV Berolina Mitte e.V."]

1. d4 Nf6 2. c4 g6 3. Nc3 Bg7 4. e4 d6 5. Nge2 Nc6 6. d5 Ne5 7. f4 Ned7 8. Nd4
Nc5 9. e5 Nfe4 10. Nxe4 Nxe4 11. Nf3 c6 12. dxc6 Qa5+ 13. Nd2 dxe5 14. Qf3 Nd6
15. fxe5 Qxe5+ 16. Be2 O-O 17. O-O bxc6 18. Nb3 Be6 19. Bf4 Qxb2 20. c5 Nf5 21.
Rab1 Qxa2 22. g4 Bd4+ 23. Kh1 Bd5 24. gxf5 Qxe2 25. Nxd4 Bxf3+ 26. Nxf3 Qe4 0-1

[Event "Lichtenrader Herbst"]
[Site "Berlin"]
[Date "2010.10.21"]
[Round "6.10"]
[White "Oppermann, Peter"]
[Black "Syre, Christian"]
[Result "0-1"]
[WhiteElo "2023"]
[BlackElo "2264"]
[PlyCount "48"]
[EventDate "2010.??.??"]
[WhiteTeam "SK Tempelhof 1931 e.V."]
[BlackTeam "TSG Oberschöneweide e.V."]

1. d4 Nf6 2. Nf3 g6 3. Nc3 d5 4. Bf4 Bg7 5. e3 Nh5 6. Bg5 h6 7. Bh4 g5 8. Bg3
Nxg3 9. hxg3 Bf5 10. Bd3 Bxd3 11. Qxd3 c6 12. O-O-O Nd7 13. e4 dxe4 14. Nxe4
Qb6 15. g4 O-O-O 16. Qb3 Qxb3 17. axb3 Nf6 18. Nxf6 Bxf6 19. Ne5 Bxe5 20. dxe5
Rxd1+ 21. Rxd1 h5 22. Rh1 h4 23. g3 Kd7 24. f4 hxg3 0-1

[Event "Lichtenrader Herbst"]
[Site "Berlin"]
[Date "2010.10.21"]
[Round "6.11"]
[White "Bonke, Hans-Juergen"]
[Black "Gruzmann, Boris"]
[Result "1/2-1/2"]
[WhiteElo "1968"]
[BlackElo "2236"]
[PlyCount "56"]
[EventDate "2010.??.??"]
[WhiteTeam "SC Kreuzberg e.V."]
[BlackTeam "TuS Makkabi Berlin e.V."]

1. g3 g6 2. Bg2 Bg7 3. e3 Nf6 4. Ne2 O-O 5. O-O e5 6. d3 d5 7. Nd2 c5 8. b3 Nc6
9. Bb2 Be6 10. h3 Qd7 11. Kh2 Rad8 12. a3 Qc7 13. Qc1 Rd7 14. Nc3 Rfd8 15. e4
Bh6 16. Qe1 Nd4 17. Qd1 Bxd2 18. Qxd2 dxe4 19. Nxe4 Nxe4 20. Bxe4 f5 21. Bg2 e4
22. Bxd4 Rxd4 23. Qe2 Bd5 24. dxe4 Bxe4 25. Rad1 Qd6 26. Rxd4 Qxd4 27. Bxe4
Qxe4 28. Re1 Qxe2 1/2-1/2

[Event "Lichtenrader Herbst"]
[Site "Berlin"]
[Date "2010.10.21"]
[Round "6.12"]
[White "Cusnariov, Nicolai"]
[Black "Kirchhof, Arno"]
[Result "1-0"]
[WhiteElo "2170"]
[BlackElo "2040"]
[PlyCount "28"]
[EventDate "2010.??.??"]
[WhiteTeam "USV Potsdam e.V., Abt. Schach"]
[BlackTeam "SC Zugzwang 95 e.V."]

1. e4 e6 2. d4 d5 3. Nd2 c5 4. exd5 exd5 5. Ngf3 Bd6 6. dxc5 Bxc5 7. Bb5+ Nc6
8. O-O Nge7 9. Nb3 Bd6 10. Re1 O-O 11. Bg5 Bg4 12. Bh4 Qc7 13. Bg3 Bxg3 14.
hxg3 Rad8 {FIDE 12.3 b)} 1-0

[Event "Lichtenrader Herbst"]
[Site "Berlin"]
[Date "2010.10.21"]
[Round "6.13"]
[White "Rudolph, Stephanie"]
[Black "Major, Vitalij"]
[Result "0-1"]
[WhiteElo "1902"]
[BlackElo "2157"]
[PlyCount "82"]
[EventDate "2010.??.??"]
[WhiteTeam "SC Friesen Lichtenberg e.V."]
[BlackTeam "SC Zitadelle Spandau 1977 e.V."]

1. d4 Nf6 2. c4 e6 3. Nf3 b6 4. g3 Ba6 5. Qc2 Bb7 6. Bg2 c5 7. e3 Qc8 8. O-O
Be7 9. Ne5 Bxg2 10. Kxg2 O-O 11. b3 cxd4 12. exd4 d6 13. Nf3 d5 14. Bb2 Qb7 15.
cxd5 Nxd5 16. Nc3 Nxc3 17. Qxc3 Nd7 18. Qd3 Rfd8 19. Kg1 Nf6 20. Ne5 Rac8 21.
Rac1 Nd5 22. f4 Bf6 23. Qf3 g6 24. h4 Rxc1 25. Rxc1 Rc8 26. Qf1 Rxc1 27. Qxc1
Kg7 28. Nc4 Be7 29. Ne3 Bd6 30. Nc4 Be7 31. Qe1 Kg8 32. Qe5 Bf6 33. Qd6 Kg7 34.
Ne5 Qa6 35. Qd7 Bxe5 36. dxe5 Qe2 37. Ba3 Qd1+ 38. Kf2 Qd2+ 39. Kf3 Qxa2 40.
Qd6 Qxb3+ 41. Kg2 Qc2+ 0-1

[Event "Lichtenrader Herbst"]
[Site "Berlin"]
[Date "2010.10.21"]
[Round "6.14"]
[White "Hahlbohm, Matthias"]
[Black "Noetzel, Felix"]
[Result "0-1"]
[WhiteElo "2095"]
[BlackElo "2025"]
[PlyCount "76"]
[EventDate "2010.??.??"]
[WhiteTeam "TSG Oberschöneweide e.V."]
[BlackTeam "SC Borussia Friedrichsfelde 1920"]

1. e4 d5 2. e5 c5 3. c3 Nc6 4. d4 Bf5 5. Bd3 Bxd3 6. Qxd3 e6 7. Ne2 Nge7 8. O-O
Ng6 9. g3 Qb6 10. a3 Be7 11. h4 O-O-O 12. Nd2 f6 13. h5 Nf8 14. exf6 gxf6 15.
dxc5 Bxc5 16. b4 Bd6 17. Kg2 Ne5 18. Qc2 Kb8 19. Nb3 Nc4 20. a4 e5 21. Bh6 Ne6
22. Rfd1 Be7 23. Nd2 Nd6 24. Be3 Qc6 25. b5 Qe8 26. Rh1 Qf7 27. Rad1 Rhg8 28.
Kf1 f5 29. Nf3 Nc4 30. Bc1 Nc5 31. Nd2 Ne4 32. Nxc4 dxc4 33. Rxd8+ Rxd8 34. Be3
Rd3 35. Kg2 Qd5 36. Kh2 Bc5 37. Re1 Bxe3 38. fxe3 Rd2 0-1

[Event "Lichtenrader Herbst"]
[Site "Berlin"]
[Date "2010.10.21"]
[Round "6.15"]
[White "Buttkus, Andre"]
[Black "Yuan, Yizheng"]
[Result "1/2-1/2"]
[WhiteElo "2088"]
[BlackElo "1893"]
[PlyCount "82"]
[EventDate "2010.??.??"]
[WhiteTeam "SK Tempelhof 1931 e.V."]
[BlackTeam "Schachpinguine Berlin e.V."]

1. d4 Nf6 2. Nf3 g6 3. Bf4 Bg7 4. e3 O-O 5. h3 d6 6. Be2 c5 7. Nbd2 b6 8. O-O
Bb7 9. c3 Nbd7 10. Bh2 Ne4 11. Nxe4 Bxe4 12. a3 Nf6 13. Nd2 Bb7 14. Bd3 Qd7 15.
f4 Nd5 16. Qe2 cxd4 17. exd4 f5 18. Rae1 Rae8 19. Nf3 Bh6 20. Nh4 Nf6 21. g4
Qc6 22. Ng2 Qxg2+ 23. Qxg2 Bxg2 24. Kxg2 fxg4 25. Bb5 gxh3+ 26. Kxh3 Rd8 27.
Rxe7 Rf7 28. Rfe1 Kf8 29. Rxf7+ Kxf7 30. Bd3 Re8 31. Rxe8 Nxe8 32. Kg4 Kf6 33.
Kf3 d5 34. b3 Bf8 35. a4 Nd6 36. Bg3 Nf5 37. Bf2 Ba3 38. c4 Bb2 39. Bxf5 Kxf5
40. cxd5 Ba3 41. Bh4 h6 1/2-1/2

[Event "Lichtenrader Herbst"]
[Site "Berlin"]
[Date "2010.10.21"]
[Round "6.16"]
[White "Kropman, Alexei"]
[Black "Schulz, Olaf"]
[Result "1/2-1/2"]
[WhiteElo "2055"]
[BlackElo "1955"]
[PlyCount "91"]
[EventDate "2010.??.??"]
[WhiteTeam "TuS Makkabi Berlin e.V."]
[BlackTeam "SC Rotation Pankow e.V."]

1. e4 e6 2. d4 d5 3. e5 c5 4. c3 Nc6 5. Nf3 Be7 6. Bd3 cxd4 7. cxd4 f6 8. Nc3
fxe5 9. dxe5 d4 10. Nb5 a6 11. Nbxd4 Nxe5 12. Nxe5 Qa5+ 13. Bd2 Qxe5+ 14. Ne2
Nf6 15. Bc3 Qg5 16. O-O O-O 17. Nd4 Nd5 18. Bd2 Qe5 19. Qg4 Nf4 20. Bc3 Nxd3
21. Nf3 h5 22. Nxe5 hxg4 23. Nxd3 Bf6 24. Ne5 Bxe5 25. Bxe5 Bd7 26. Rfd1 Bc6
27. Rd4 Rf5 28. Re1 Bd5 29. Rxg4 Rf7 30. a3 Rc8 31. Bc3 Rc4 32. Rxc4 Bxc4 33.
Re4 Rd7 34. h4 Bd5 35. Rg4 Kh7 36. Kh2 Rf7 37. Kg3 g6 38. f3 Rf5 39. Rd4 Kh6
40. Kg4 Kh7 41. Rd1 Kh6 42. Rc1 Bc6 43. Re1 Bd5 44. Bd2+ Kh7 45. Bg5 Kg7 46.
Rc1 1/2-1/2

[Event "Lichtenrader Herbst"]
[Site "Berlin"]
[Date "2010.10.21"]
[Round "6.17"]
[White "Rolfes, Leon"]
[Black "Witt, Ronald"]
[Result "1/2-1/2"]
[WhiteElo "1778"]
[BlackElo "2104"]
[PlyCount "31"]
[EventDate "2010.??.??"]
[WhiteTeam "SF Siemensstadt"]
[BlackTeam "Schachfreunde Zehdenick 76 e.V."]

1. e4 c6 2. f4 d5 3. Nf3 Bg4 4. h3 Bxf3 5. Qxf3 e6 6. exd5 Qxd5 7. Qxd5 exd5 8.
d4 Bd6 9. Bd3 Nd7 10. O-O O-O-O 11. Nd2 Ne7 12. Nf3 f6 13. Nh4 g6 14. Bd2 Rhe8
15. Rae1 Ng8 16. g4 1/2-1/2

[Event "Lichtenrader Herbst"]
[Site "Berlin"]
[Date "2010.10.21"]
[Round "6.18"]
[White "Lueders, Gerhard"]
[Black "Getzuhn, Detlef"]
[Result "1/2-1/2"]
[WhiteElo "2204"]
[BlackElo "1913"]
[PlyCount "103"]
[EventDate "2010.??.??"]
[WhiteTeam "BSC Rehberge 1945 e.V."]
[BlackTeam "vereinslos"]

1. e4 e6 2. d4 d5 3. Nd2 c5 4. dxc5 Bxc5 5. Nb3 Bb6 6. exd5 exd5 7. Qe2+ Ne7 8.
Bg5 f6 9. Be3 Bxe3 10. Qxe3 O-O 11. O-O-O Qc7 12. Ne2 Bg4 13. f3 Bh5 14. Nf4
Bf7 15. Ne6 Bxe6 16. Qxe6+ Kh8 17. Bd3 Nbc6 18. Kb1 a5 19. Nc5 Nd4 20. Qh3 f5
21. c3 Qxc5 22. cxd4 Qd6 23. g4 g6 24. Rhe1 fxg4 25. fxg4 Nc6 26. Qe3 Rf4 27.
Rf1 Raf8 28. h3 Nxd4 29. Bf5 Ne6 30. Bxe6 Rxf1 31. Qd4+ R1f6 32. Re1 Qb4 33.
Qxb4 axb4 34. Bxd5 Rf1 35. Rxf1 Rxf1+ 36. Kc2 Rf2+ 37. Kb3 b6 38. Kxb4 Rxb2+
39. Bb3 Rd2 40. Kb5 Rh2 41. Kxb6 Rxh3 42. Bc4 Rg3 43. a4 Rxg4 44. Bb5 Rg1 45.
a5 Ra1 46. a6 Kg7 47. a7 Rxa7 48. Kxa7 h5 49. Kb6 Kf6 50. Kc5 h4 51. Kd4 g5 52.
Bd7 1/2-1/2

[Event "Lichtenrader Herbst"]
[Site "Berlin"]
[Date "2010.10.21"]
[Round "6.20"]
[White "Powierski, Christian"]
[Black "Schmidt, Juergen"]
[Result "1/2-1/2"]
[WhiteElo "1930"]
[BlackElo "2034"]
[PlyCount "61"]
[EventDate "2010.??.??"]
[WhiteTeam "Elmshorner SC von 1896"]
[BlackTeam "SC Kreuzberg e.V."]

1. e4 e5 2. Nf3 Nc6 3. Bb5 a6 4. Bxc6 dxc6 5. O-O Bg4 6. h3 h5 7. d3 Qf6 8. Be3
Ne7 9. Nbd2 Ng6 10. hxg4 hxg4 11. Bg5 Qe6 12. Nh2 g3 13. Ng4 Bc5 14. Qf3 Nf4
15. Rae1 Qg6 16. Qxg3 Qxg5 17. Nf3 Qh5 18. Ngh2 O-O-O 19. Qg4+ Qxg4 20. Nxg4 f6
21. g3 Ne6 22. Kg2 a5 23. Rh1 b5 24. Rxh8 Rxh8 25. Ne3 Bxe3 26. Rxe3 c5 27. Re1
Nd4 28. Nxd4 cxd4 29. a4 b4 30. b3 Kd7 31. g4 1/2-1/2

[Event "Lichtenrader Herbst"]
[Site "Berlin"]
[Date "2010.10.22"]
[Round "7.1"]
[White "Richter, Michael"]
[Black "Rabiega, Robert"]
[Result "1/2-1/2"]
[WhiteElo "2459"]
[BlackElo "2515"]
[PlyCount "31"]
[EventDate "2010.??.??"]
[WhiteTeam "Schachpinguine Berlin e.V."]
[BlackTeam "SK König Tegel 1949 e.V."]

1. d4 d5 2. c4 dxc4 3. Nf3 Nf6 4. e3 Bg4 5. Bxc4 e6 6. Nc3 a6 7. h3 Bh5 8. g4
Bg6 9. Ne5 Nbd7 10. Nxg6 hxg6 11. g5 Nd5 12. Nxd5 exd5 13. Bxd5 c6 14. Bc4 Nb6
15. Bf1 Bb4+ 16. Bd2 1/2-1/2

[Event "Lichtenrader Herbst"]
[Site "Berlin"]
[Date "2010.10.22"]
[Round "7.4"]
[White "Shapiro, Yosip"]
[Black "Neelotpal, Das"]
[Result "1/2-1/2"]
[WhiteElo "2100"]
[BlackElo "2454"]
[PlyCount "92"]
[EventDate "2010.??.??"]
[WhiteTeam "SV Berolina Mitte e.V."]

1. Nf3 Nf6 2. c4 e6 3. g3 a6 4. Bg2 b5 5. b3 Bb7 6. O-O Be7 7. d4 O-O 8. Bb2 d6
9. Nbd2 c5 10. e3 Nbd7 11. Rc1 Qb6 12. Rc2 Bc6 13. Qe2 a5 14. e4 bxc4 15. Nxc4
Qa6 16. e5 dxe5 17. Ncxe5 Qxe2 18. Rxe2 Bb5 19. Nc4 a4 20. Nfd2 Rab8 21. bxa4
Ba6 22. Ba3 Nb6 23. Rc1 Nxa4 24. Nb3 Nb6 25. Nba5 Nxc4 26. Nxc4 Rfc8 27. Rb2
Bxc4 28. Rxb8 Rxb8 29. Rxc4 Nd7 30. dxc5 Kf8 31. Rc3 Ne5 32. h3 Rc8 33. f4 Nc6
34. Bxc6 Rxc6 35. Bb4 Ke8 36. Kg2 Kd7 37. a3 h5 38. Kf3 f5 39. h4 Kc7 40. Ke2
e5 41. fxe5 Re6 42. Kf3 Rxe5 43. Re3 Rxe3+ 44. Kxe3 g5 45. hxg5 Bxg5+ 46. Kf3
h4 1/2-1/2

[Event "Lichtenrader Herbst"]
[Site "Berlin"]
[Date "2010.10.22"]
[Round "7.5"]
[White "Dauth, Benjamin"]
[Black "Lerch, Philipp"]
[Result "1-0"]
[WhiteElo "2322"]
[BlackElo "1965"]
[PlyCount "75"]
[EventDate "2010.??.??"]
[WhiteTeam "SC Rotation Pankow e.V."]
[BlackTeam "SK König Tegel 1949 e.V."]

1. e4 c6 2. Nc3 d5 3. Nf3 g6 4. h3 Bg7 5. e5 Nd7 6. d4 e6 7. Be2 Ne7 8. O-O a6
9. b4 b6 10. Na4 O-O 11. c3 Qc7 12. Bf4 c5 13. Qd2 Bb7 14. Bh6 Bc6 15. Nb2 f6
16. exf6 Rxf6 17. Nd3 Nf5 18. Bf4 Qb7 19. bxc5 bxc5 20. g4 Ne7 21. Bd6 Re8 22.
Nxc5 Nxc5 23. Bxc5 Qc7 24. Rab1 Bb5 25. Bxb5 axb5 26. Ne5 Nc6 27. Nxc6 Qxc6 28.
Qe2 Rb8 29. a4 Rf7 30. axb5 Qe8 31. b6 Rfb7 32. Rfe1 Kf7 33. Qf3+ Kg8 34. Qe3
Kf7 35. Qf4+ Kg8 36. Qd6 Kf7 37. Re3 Rc8 38. Rbe1 1-0

[Event "Lichtenrader Herbst"]
[Site "Berlin"]
[Date "2010.10.22"]
[Round "7.6"]
[White "Meister, Jakob"]
[Black "Cusnariov, Nicolai"]
[Result "1-0"]
[WhiteElo "2479"]
[BlackElo "2170"]
[PlyCount "65"]
[EventDate "2010.??.??"]
[WhiteTeam "SK Zehlendorf e.V."]
[BlackTeam "USV Potsdam e.V., Abt. Schach"]

1. b3 d5 2. Bb2 Bf5 3. d3 e6 4. Nd2 Nf6 5. g3 c6 6. Bg2 Be7 7. e4 dxe4 8. dxe4
Bg6 9. Qe2 Qa5 10. a3 Bh5 11. f3 e5 12. Nh3 Nfd7 13. Nf2 O-O 14. O-O Qc7 15.
Nc4 a5 16. Rfd1 f6 17. Rd2 b5 18. Ne3 Na6 19. a4 bxa4 20. Rxa4 Nac5 21. Ra1
Rfb8 22. Ba3 Bf7 23. Bh3 Nb6 24. Nf5 Bf8 25. Qe3 Nbd7 26. Nd3 Nxd3 27. Rxd3
Bxa3 28. Rxa3 Nf8 29. Qc5 Qb6 30. Qxb6 Rxb6 31. Ne7+ Kh8 32. Rd6 Be8 33. Nc8
1-0

[Event "Lichtenrader Herbst"]
[Site "Berlin"]
[Date "2010.10.22"]
[Round "7.8"]
[White "Syre, Christian"]
[Black "Major, Vitalij"]
[Result "1-0"]
[WhiteElo "2264"]
[BlackElo "2157"]
[PlyCount "51"]
[EventDate "2010.??.??"]
[WhiteTeam "TSG Oberschöneweide e.V."]
[BlackTeam "SC Zitadelle Spandau 1977 e.V."]

1. Nf3 Nf6 2. d4 e6 3. Bg5 Be7 4. e3 b6 5. Bd3 Bb7 6. Nbd2 c5 7. c3 h6 8. Bh4
g5 9. Bg3 g4 10. Ne5 h5 11. dxc5 bxc5 12. Rg1 Nc6 13. Qb3 Na5 14. Qc2 Nd5 15.
Bg6 O-O 16. Bxf7+ Rxf7 17. Nxf7 Kxf7 18. Qh7+ Kf8 19. Qh8+ Kf7 20. Qxh5+ Kf8
21. Qh8+ Kf7 22. Qh7+ Kf8 23. Ne4 Nf6 24. Qh6+ Kg8 25. Qg6+ Kf8 26. Nd6 1-0